Online
Catalog

Poder, influencia e importancia : (Record no. 26508)

MARC details
000 -CABECERA
campo de control de longitud fija 00859nam a2200217 a 4500
001 - NÚMERO DE CONTROL
campo de control 000027016
005 - FECHA Y HORA DE LA ÚLTIMA TRANSACCIÓN
campo de control 20200930030541.0
008 - DATOS DE LONGITUD FIJA--INFORMACIÓN GENERAL
campo de control de longitud fija 110328s1980 dr 000 0 spa d
040 ## - FUENTE DE LA CATALOGACIÓN
Centro catalogador/agencia de origen DO-SdBNP
Lengua de catalogación spa
Centro/agencia transcriptor BNPHU
082 ## - NÚMERO DE LA CLASIFICACIÓN DECIMAL DEWEY
Número de clasificación xxxx
Número de documento/Ítem W797p
049 ## - FONDOS LOCALES (OCLC)
Fondos de biblioteca BNPD
100 1# - ENTRADA PRINCIPAL--NOMBRE DE PERSONA
Nombre de persona Wipfler, William,
Fechas asociadas al nombre 1931-
9 (RLIN) 54116
245 10 - MENCIÓN DE TÍTULO
Título Poder, influencia e importancia :
Resto del título la iglesia como factor socio-político en República Dominicana /
Mención de responsabilidad, etc. William Wipfler ; traducción Samuel E. James ; edición Horacio Almánzar.
260 ## - PUBLICACIÓN, DISTRIBUCIÓN, ETC.
Lugar de publicación, distribución, etc. Santo Domingo :
Nombre del editor, distribuidor, etc. CEPAE,
Fecha de publicación, distribución, etc. 1980.
300 ## - DESCRIPCIÓN FÍSICA
Extensión ii, 314 p. ;
Dimensiones 21 cm.
504 ## - NOTA DE BIBLIOGRAFÍA, ETC.
Nota de bibliografía, etc. Incluye referencias bibliográficas y notas al pie de las páginas
504 ## - NOTA DE BIBLIOGRAFÍA, ETC.
Nota de bibliografía, etc. Bibliografía : p. 300-314
700 1# - PUNTO DE ACCESO ADICIONAL--NOMBRE DE PERSONA
Nombre de persona James, Samuel E.
Término indicativo de función/relación tr.
9 (RLIN) 54117
700 1# - PUNTO DE ACCESO ADICIONAL--NOMBRE DE PERSONA
Nombre de persona Almánzar, Horacio,
Término indicativo de función/relación ed.
9 (RLIN) 54118
710 2# - PUNTO DE ACCESO ADICIONAL--NOMBRE DE ENTIDAD CORPORATIVA
Nombre de entidad corporativa o nombre de jurisdicción como elemento de entrada Centro de Planificación y Acción Ecuménica
9 (RLIN) 54119
Holdings
Estado de retiro Estado de pérdida Restricciones de uso No para préstamo Código de colección Localización permanente Ubicación/localización actual Ubicación en estantería Fecha de adquisición Número de inventario Total de préstamos Signatura topográfica completa Código de barras Fecha visto por última vez Número de copia Precio válido a partir de Tipo de ítem Koha Nota pública
        Dominicana de Servicio General General Depósito 23.06.2015 LF1   xxxx W797p 27016-30 25.06.2020 e. 3 25.06.2020 Libro y Folleto Colección Dominicana de Servicio Perteneció a la biblioteca personal de Chiqui Vicioso / Fidelio Despradel.
      Excluido de préstamo Patrimonio Dominicano Patrimonio Dominicano Patrimonio Dominicano Depósito 28.03.2011 LF1   xxxx W797p 27016-10 25.06.2020   25.06.2020 Libro y Folleto Colección Patrimonio Dominicano  
      Excluido de préstamo Patrimonio Dominicano Patrimonio Dominicano Patrimonio Dominicano Depósito 28.03.2011 LF1   xxxx W797p 27016-20 25.06.2020 e. 2 25.06.2020 Libro y Folleto Colección Patrimonio Dominicano  

Powered by Koha